[Event "Regionalliga NW 0304"]
[Site "Bayern"]
[Date "2003.11.23"]
[Round "3.7"]
[White "Kunick, Roland"]
[Black "Mueller, Roland1"]
[Result "0-1"]
[WhiteElo "1816"]
[BlackElo "1944"]
[PlyCount "134"]
[EventDate "2003.10.12"]
[EventType "team-tourn"]
[EventRounds "9"]
[EventCountry "GER"]
[SourceTitle "EXT 2006"]
[Source "ChessBase"]
[SourceDate "2005.11.24"]
[SourceVersion "1"]
[SourceVersionDate "2005.11.24"]
[SourceQuality "1"]
[WhiteTeam "Coburg"]
[BlackTeam "Koenigshofen"]
[WhiteTeamCountry "GER"]
[BlackTeamCountry "GER"]

1. e4 d6 2. d4 Nd7 3. Nf3 e5 4. dxe5 dxe5 5. Bc4 c6 6. Ng5 Nh6 7. 0-0 Qe7 8. Be3 b5 9. Be2 Nb6 10. Nd2 f6 11. Ngf3 Ng4 12. Bxb6 axb6 13. c4 b4 14. Nb3 Be6 15. Ne1 Nh6 16. Nc2 Ra4 17. Qd3 Nf7 18. Ne3 Qa7 19. Nc1 Bc5 20. Bg4 Bxg4 21. Nxg4 0-0 22. Qg3 Ng5 23. Re1 Ne6 24. Nh6+ Kh8 25. Nf5 g6 26. Ne3 Ra8 27. b3 Ra5 28. Nc2 Qe7 29. Rd1 Nf4 30. Qg4 R5a7 31. Ne1 h5 32. Qf3 Bd4 33. Rb1 Ne6 34. Nc2 Bc3 35. a4 b5 36. Ne2 Bd4 37. Ne3 Ng5 38. Qg3 Kh7 39. Qh4 Bxe3 40. fxe3 Kg7 41. axb5 cxb5 42. Rd5 Rd7 43. Rbd1 Rad8 44. Kf1 Qe6 45. h3 Rxd5 46. Rxd5 Rxd5 47. cxd5 Qc8 48. Qe1 Nxe4 49. Kg1 Qd7 50. Qd1 f5 51. Qd3 Nf6 52. d6 Ne4 53. Qd5 Qxd6 54. Qb7+ Kh6 55. h4 Qd8 56. Qf7 Qxh4 57. Qf8+ Kg5 58. Qe7+ Kg4 59. Qxe5 Qf2+ 60. Kh2 Qxe3 61. Qb2 Nd2 62. Ng1 Qc3 63. Qa2 Qg3+ 64. Kh1 Qe1 65. Qc2 Ne4 66. Qc4 Kg5 67. Kh2 Qg3+ 0-1

[Event "Regionalliga NW 0203"]
[Site "Bayern"]
[Date "2003.01.12"]
[Round "4.6"]
[White "Kunick, Roland"]
[Black "Benner, Viktor"]
[Result "0-1"]
[WhiteElo "1948"]
[BlackElo "1836"]
[PlyCount "28"]
[EventDate "2002.10.20"]
[EventType "team-tourn"]
[EventRounds "9"]
[EventCountry "GER"]
[SourceTitle "EXT 2004"]
[Source "ChessBase"]
[SourceDate "2003.11.25"]
[SourceVersion "1"]
[SourceVersionDate "2003.11.25"]
[SourceQuality "1"]
[WhiteTeam "Coburg"]
[BlackTeam "Bayreuth"]
[WhiteTeamCountry "GER"]
[BlackTeamCountry "GER"]

1. e4 e6 2. d4 d5 3. exd5 exd5 4. Bd3 Bd6 5. Ne2 Nf6 6. Bg5 0-0 7. 0-0 Bxh2+ 8. Kh1 Bd6 9. c4 dxc4 10. Bxc4 Bg4 11. Nbc3 h6 12. Be3 Ne4 13. g3 Bf3+ 14. Kh2 Qh4+ 0-1